[Event "EU-chT Seniors 50"]
[Site "Swidnica"]
[Date "2023.07.18"]
[Round "7.2"]
[White "Rasalingam, Haran Tobias"]
[Black "Kilanski, Janusz"]
[Result "1/2-1/2"]
[WhiteElo "1826"]
[BlackElo "1507"]
[PlyCount "131"]
[EventDate "2023.07.12"]
[EventType "team-tourn"]
[EventRounds "9"]
[EventCountry "POL"]
[SourceTitle "CBM 215 Extra"]
[Source "ChessBase"]
[SourceDate "2023.09.30"]
[SourceVersion "1"]
[SourceVersionDate "2023.09.30"]
[SourceQuality "1"]
[WhiteTeam "England 50 III"]
[BlackTeam "Swidnica 50"]
[WhiteTeamCountry "ENG"]
[BlackTeamCountry "POL"]

1. e4 e5 2. f4 d5 3. exd5 e4 4. d3 Qxd5 5. Qe2 Nf6 6. Nc3 Bb4 7. Bd2 Bxc3 8. Bxc3 Bf5 9. Bxf6 gxf6 10. g4 Bd7 11. Bg2 Qa5+ 12. c3 Nc6 13. Bxe4 0-0-0 14. h3 h5 15. a3 Nd4 16. Qg2 Nc6 17. 0-0-0 Qb6 18. Nf3 Qe3+ 19. Qd2 Qxd2+ 20. Nxd2 hxg4 21. hxg4 Bxg4 22. Rxh8 Rxh8 23. Rg1 Bd7 24. Bd5 Nd8 25. Ne4 f5 26. Ng5 f6 27. Nf7 Nxf7 28. Bxf7 Kd8 29. Rg8+ Rxg8 30. Bxg8 Ke7 31. Kd2 Kd6 32. Ke3 b6 33. Bc4 Be8 34. Kd4 Bd7 35. Bf7 Ke7 36. Bd5 Kd6 37. Bf3 Be6 38. c4 Bd7 39. Kc3 Be8 40. d4 c5 41. b4 Bf7 42. Bb7 Be6 43. Ba6 Bd7 44. Bb7 Kc7 45. Bd5 Kd6 46. Bg8 Be8 47. d5 Bd7 48. Kb3 b5 49. Be6 Be8 50. cxb5 Bxb5 51. a4 c4+ 52. Ka3 Ba6 53. b5 Bb7 54. Kb4 Bxd5 55. Bxf5 c3 56. a5 Be6 57. Bd3 Kd5 58. Kxc3 Kc5 59. Kd2 Bd7 60. b6 axb6 61. axb6 Kxb6 62. Ke3 Kc5 63. Ke4 Kd6 64. Bc4 Ke7 65. Bg8 Bc6+ 66. Kf5 1/2-1/2

[Event "EU-chT Seniors 50"]
[Site "Swidnica"]
[Date "2023.07.17"]
[Round "6.4"]
[White "Kilanski, Janusz"]
[Black "Zetocha, Claudiu"]
[Result "0-1"]
[WhiteElo "1507"]
[BlackElo "2278"]
[PlyCount "68"]
[EventDate "2023.07.12"]
[EventType "team-tourn"]
[EventRounds "9"]
[EventCountry "POL"]
[SourceTitle "CBM 215 Extra"]
[Source "ChessBase"]
[SourceDate "2023.09.30"]
[SourceVersion "1"]
[SourceVersionDate "2023.09.30"]
[SourceQuality "1"]
[WhiteTeam "Swidnica 50"]
[BlackTeam "Slovakia 50"]
[WhiteTeamCountry "POL"]
[BlackTeamCountry "SVK"]

1. Nf3 c5 2. g3 g6 3. Bg2 Bg7 4. 0-0 Nc6 5. c4 e5 6. Nc3 Nge7 7. d3 0-0 8. Bg5 f6 9. Bd2 d6 10. Rb1 Be6 11. a3 a5 12. Ne1 Qd7 13. Ne4 h6 14. Nc2 f5 15. Nc3 d5 16. cxd5 Nxd5 17. Nxd5 Bxd5 18. Bxd5+ Qxd5 19. Ne3 Qe6 20. b4 cxb4 21. axb4 a4 22. b5 Nd4 23. Nc4 f4 24. f3 fxg3 25. hxg3 e4 26. Kg2 a3 27. Bc3 Nxe2 28. Bxg7 Kxg7 29. fxe4 Qg4 30. Qe1 Rxf1 31. Qxf1 Rf8 32. Qe1 Rf3 33. Nd2 Nf4+ 34. Kg1 Rxg3+ 0-1

[Event "POL-chT3 Dolnoslaskie 1718"]
[Site "Poland"]
[Date "2018.01.07"]
[Round "6.19"]
[White "Olesko, Mariusz"]
[Black "Kilanski, Janusz"]
[Result "1-0"]
[WhiteElo "1479"]
[BlackElo "1612"]
[PlyCount "127"]
[EventDate "2017.10.08"]
[EventType "team-tourn"]
[EventRounds "11"]
[EventCountry "POL"]
[SourceTitle "EXT 2019"]
[Source "ChessBase"]
[SourceDate "2018.10.10"]
[SourceVersion "1"]
[SourceVersionDate "2018.10.10"]
[SourceQuality "1"]

1. e4 c5 2. Nf3 g6 3. d4 cxd4 4. Nxd4 Bg7 5. Be3 Nf6 6. Nc3 d6 7. Be2 Nc6 8. Qd2 Ng4 9. Bxg4 Bxg4 10. f3 Bd7 11. Nxc6 bxc6 12. 0-0 h5 13. Rad1 Qa5 14. Bd4 f6 15. Kh1 h4 16. Ne2 Qb5 17. b3 g5 18. a4 Qb7 19. h3 Qc8 20. Ng1 c5 21. Be3 c4 22. Bd4 Be6 23. b4 a6 24. c3 Qc6 25. a5 Bh6 26. Be3 Rg8 27. Ne2 Qc8 28. Ng1 Qb7 29. Ne2 Rd8 30. Nd4 Bd7 31. Qc2 Qc8 32. Bc1 Kf7 33. Nf5 Bxf5 34. exf5 d5 35. Rfe1 Rd6 36. Ba3 Rd7 37. Re6 Re8 38. Qe2 Rd6 39. f4 Rxe6 40. Qh5+ Kg8 41. fxe6 Bg7 42. Qf7+ Kh7 43. fxg5 fxg5 44. Qf5+ Kh6 45. Bc1 Bf6 46. Rxd5 Rg8 47. Qg4 Rg6 48. Qxh4+ Kg7 49. Qe4 Bxc3 50. Rxg5 Rxg5 51. Bxg5 Bxb4 52. Qe5+ Kg6 53. Be3 Qf8 54. Qg5+ Kh7 55. Qh5+ Kg8 56. Qg4+ Qg7 57. Qxc4 Qa1+ 58. Kh2 Qe5+ 59. Bf4 Qxa5 60. Qe4 Bc3 61. Qg6+ Bg7 62. Qe8+ Kh7 63. Qxe7 Qe1 64. Qf7 1-0